000 01534cam a22003977a 4500
003 CHAP
005 20220329142352.0
008 001006d2000 mx r 00110 spa d
010 _a82477
011 _a83449
035 _a93962
040 _cCHAP
090 _aTesis
100 0 0 _aGómez Gómez, Armando.
_949728
245 1 0 _aControl biológico de la mosquita blanca (Trialeurodes vaporariorum West.) en tomate (Lycopersicon esculentum Mill.) para condiciones de invernadero, en Chapingo, Méx. México
_c/por Armando Gómez Gómez
260 _aChapingo, Méx. :
_bEl autor,
_c2000.
300 _a63 h.
502 _aTesis (Ing. Agr. Esp. en Parasitología Agrícola) -- UACH. Departamento de Parasitología Agrícola
590 _aALEPH
_b10
_c20130110
_lUCH01
_h1438
590 _aBATCH-UPD
_b10
_c20130110
_lUCH01
_h0253
590 _aBATCH-UPD
_b10
_c20130110
_lUCH01
_h1118
590 _aBATCH-UPD
_b10
_c20130409
_lUCH01
_h2324
590 _aBATCH-UPD
_b10
_c20130410
_lUCH01
_h1344
590 _aBATCH-UPD
_b10
_c20130914
_lUCH01
_h1047
590 _aCONVERSION
_b10
_c20130109
_lUCH01
_h1346
650 1 4 _aControl biológico de plagas.
_927587
650 1 4 _aCultivos en invernadero.
_930376
650 1 4 _aTomate verde
_xPlagas.
_9113827
650 1 4 _aTomate verde
_xRendimiento.
_9113834
650 1 4 _aTrialeurodes vaporariorum.
_9114900
901 _aBK
905 _aLilia Sánchez G.
942 _cFOLL
949 _bBC
_cTES
_d33724000807137
_eTS2
_fc.2
_h37108
_i93962
_si
949 _bBC
_cTES
_d939621
_eTS1
_h37107
_i93962
_sb
999 _c82477
_d82477